[Event "Olympiad-39"]
[Site "Khanty-Mansiysk"]
[Date "2010.09.25"]
[Round "5.3"]
[White "Onischuk, Alexander"]
[Black "Peralta, Fernando"]
[Result "1/2-1/2"]
[WhiteElo "2688"]
[BlackElo "2572"]
[Annotator "Krasenkow,M"]
[PlyCount "87"]
[EventDate "2010.09.21"]
[EventType "team-swiss"]
[EventRounds "11"]
[EventCountry "RUS"]
[SourceTitle "CBM 139"]
[Source "ChessBase"]
[SourceDate "2010.11.18"]
[SourceVersion "1"]
[SourceVersionDate "2010.11.18"]
[SourceQuality "1"]
[WhiteTeam "US of America"]
[BlackTeam "Argentina"]
[WhiteTeamCountry "USA"]
[BlackTeamCountry "ARG"]

1. d4 d5 2. c4 e6 3. Nc3 Bb4 4. e3 Nf6 5. a3 Bxc3+ 6. bxc3 c5 7. cxd5 exd5 8.
Bd3 O-O 9. Ne2 b6 10. O-O Ba6 11. f3 Re8 12. Ng3 Bxd3 13. Qxd3 Nc6 14. Bb2 c4 {
As you see, the discussion on this pawn structure, which started from the
famous game Botvinnik - Capablanca (AVRO 1938), is still under way. And this
particular position is well-known in theory.} 15. Qe2 (15. Qd2 {is played more
often:} h5 $1 {The modern twist. Black pushes White's g3 knight from its
perfect position. Otherwise White prepares e3-e4 and obtains the better
prospects:} (15... Na5 16. Rae1 Nb3 17. Qc2 g6 18. e4 Kg7 19. Bc1 Nxc1 20. Qxc1
h6 21. e5 Ng8 22. f4 f5 23. exf6+ Nxf6 24. f5 $16 {1-0 Bondarevsky,I-Ujtelky,M/
Rostov on Don 1961/MCD (30)}) (15... Re6 16. Rae1 Qe7 17. Qf2 {[%cal Re3e4]}
Rf8 18. Bc1 Kh8 19. a4 $1 $14 (19. Nf5 Qd7 20. g4 Ne7 $13 {1/2 Erdos,V (2577)
-Werle,J (2582)/Germany 2008/CBM 127 Extra (27)}) 19... Na5 $140 20. e4 dxe4
21. fxe4 Nxe4 22. Nxe4 Rxe4 23. Ba3 $1) (15... b5 16. Rae1 Re6 (16... a5 17. e4
b4 18. e5 Nd7 19. f4 Nb6 20. f5 f6 21. Nh5 Nd7 22. Re3 $16 fxe5 $2 23. Rg3 Kh8
24. Rxg7 {1-0 Averbakh,Y-Donchenko,O/Soviet Union 1970/EXT 2010}) 17. Qf2 (17.
e4 dxe4 18. fxe4 Ne5 19. Re2 Nd3 $13 {1-0 Milov,V (2659)-Hernandez Carmenates,
H (2561)/Ourense 2009/EXT 2010 (33)}) 17... Qd7 18. e4 Ne7 19. Bc1 Ne8 {
0-1 Moreno Ruiz,J (2435)-Hernandez Carmenates,H (2561)/Madrid 2009/CBM 132
Extra (46)} 20. Nh5 $36) 16. Rae1 h4 $1 (16... Qd7 17. e4 g6 18. Bc1 Nh7 19.
Qh6 $1 Re6 20. f4 Ne7 21. f5 gxf5 22. Qxh5 dxe4 23. Nxf5 $18 {1-0 Kasparov,G 
(2690)-Ivanovic,B (2515)/Niksic 1983/MCD (26)}) (16... g6 17. e4 $1 (17. Qc2 h4
18. Nh1 Nh5 19. Bc1 b5 $1 (19... Re6 20. e4 Qe7 21. Nf2 Re8 22. Nh3 f6 23. Rd1
Qf7 24. e5 Ne7 25. exf6 Rxf6 26. Ng5 $16 {1/2 Macieja,B (2612)-Bartel,M (2619)/
Lublin 2009/CBM 132 Extra (59)}) 20. e4 a5 $13 {0-1 Mishugin,A (2097)
-Golichenko,I (2289)/Kiev 2005/EXT 2008 (44)}) 17... h4 18. Nf5 $1 gxf5 19.
Qg5+ Kf8 20. Qh6+ Kg8 21. e5 $14) 17. Nf5 Ne7 $1 18. Nxe7+ Rxe7 19. Qf2 h3 20.
e4 Qd7 21. e5 hxg2 22. Qxg2 Nh7 23. f4 f5 24. a4 Re6 25. Ba3 Rae8 $132 {
1/2 Santos Latasa,J (2155)-Maiorov,N (2525)/San Sebastian 2009/CBM 129 Extra 
(59)}) 15... h5 $1 {The same idea.} (15... b5 16. e4 a5 17. e5 b4 18. Qd2 bxc3
19. Bxc3 Nd7 20. f4 Rb8 {1/2 Gonzalez de la Torre,S (2390)-Cheparinov,I (2529)/
Ortiguera 2003/EXT 2004 (63)} 21. Nf5 $36) 16. Rae1 Ne7 (16... g6 17. Nh1 Na5
18. Nf2 Re6 19. e4 dxe4 20. fxe4 Qe7 21. e5 Nd5 22. Qf3 Rd8 23. Ne4 $16 {
1-0 Olafsson,F-Keller,D/Copenhagen 1953/EXT 2001 (35)}) (16... b5 17. Qc2 h4
18. Nf5 h3 19. gxh3 g6 20. Ng3 Kg7 21. e4 $14 {1-0 Kraemer,M (2424)-Michalik,P
(2311)/Szeged 2007/CBM 118 ext (32)}) (16... h4 $5 17. Nf5 Ne7 18. Qc2 Nxf5 (
18... h3 $1 19. g4 (19. gxh3 Qd7 20. Nxe7+ Rxe7 $132) 19... b5 $132) 19. Qxf5
g6 20. Qf4 Nh5 21. Qg4 Qe7 22. e4 Nf6 23. Qxh4 dxe4 24. Re3 $14 {1/2
Brandenburg,E-Grooten,H (2405)/Netherlands 1992/EXT 1997 (59)}) 17. Qc2 (17. h4
Ng6 {[%csl Rh4]} 18. Qf2 {1-0 Jeven,R-Monnard,L/Graz 1972/MCD (40)} Nxh4 19. e4
Ng6 20. e5 h4 $1 21. Nf5 Nh5 $132) 17... h4 18. Nh1 (18. Nf5 h3 $1 {- see above
}) 18... Ng6 19. Bc1 Qd7 20. Nf2 Nh5 21. e4 (21. Nh3 b5 22. e4 {is more forced.
}) 21... b5 (21... Nhf4 $5 22. Bxf4 Nxf4 23. Qc1 $1 (23. Qd2 Qd6 24. e5 Qh6)
23... Nd3 (23... Qd6 $6 24. e5 Qh6 25. Ng4 Qg5 26. g3 $16) 24. Nxd3 cxd3 25.
Qd2 $14 {[%csl Rd3]}) 22. Nh3 $14 {White has successfully rearranged his
pieces and is ready for further kingside activity.} a5 23. Bg5 (23. e5 $5 b4 (
23... Ne7 24. e6 $1 fxe6 25. Ng5 Nf6 26. Rxe6 $16) 24. cxb4 axb4 25. axb4 Ne7
26. Qd2 (26. e6 fxe6 27. Ng5 Nf6 28. Rxe6 Nc6 $132) 26... Nf5 27. Bb2 $16) (23.
Bd2 $5) 23... b4 $1 (23... Rab8 24. e5 b4 25. axb4 axb4 26. cxb4 Rxb4 27. f4
$16) 24. axb4 axb4 25. cxb4 dxe4 26. Rxe4 Rxe4 27. Qxe4 Rb8 28. Qg4 $2 {
But his exchange leads to a drawish endgame!} (28. Rb1 $1 {was possible.
Surprisingly,} c3 29. Qd3 $1 c2 (29... Rc8 30. b5 c2 31. Rc1 $16) 30. Qxc2
Qxd4+ 31. Qf2 Rxb4 {is not a "dead draw":} 32. Qxd4 Rxd4 33. Rb8+ Kh7 34. Be3
Rd1+ 35. Kf2 Ne7 (35... f6 36. Rb5 $1 {- the point!} Ne5 37. f4 Ng4+ 38. Ke2
Nxe3 39. Rxh5+ Kg6 40. Rh8 $18) (35... f5 36. Rb5 Ne7 37. Re5 Rd7 38. Bg5 $16)
36. Rb7 Nf5 37. Rxf7 {- White gains a pawn, keeping winning chances.}) 28...
Qxg4 29. fxg4 Nf6 30. Bxf6 gxf6 31. Rb1 Rd8 (31... Ne7 $143 32. Nf4 Nc6 33. Nd5
Nxd4 34. Nxf6+ Kg7 35. Nd5) 32. b5 (32. Rd1 Rb8) 32... Rxd4 33. b6 Rd8 34. Nf2
(34. b7 Rb8 35. Nf2 c3 36. Nd3 c2 37. Rb4 Ne5 38. Nc1 Kg7 $1 39. Kf2 Nc6 40.
Rc4 Nd8 41. Rc8 Rxb7 42. Rxd8 Rb1 $11) 34... c3 35. b7 c2 36. Rc1 Rb8 37. Ne4
Rxb7 38. Nxf6+ Kg7 39. Nh5+ Kh6 40. Rxc2 f5 41. Rc6 Rb1+ 42. Kf2 Rb2+ 43. Kf1
Rb1+ 44. Kf2 1/2-1/2

[Event "EU-Cup 23rd"]
[Site "Kemer"]
[Date "2007.10.08"]
[Round "6.4"]
[White "Sokolov, Ivan"]
[Black "Miroshnichenko, Evgenij"]
[Result "1-0"]
[WhiteElo "2673"]
[BlackElo "2651"]
[Annotator "Krasenkow,M"]
[PlyCount "79"]
[EventDate "2007.10.03"]
[EventType "team-swiss"]
[EventRounds "7"]
[EventCountry "TUR"]
[SourceTitle "CBM 121"]
[Source "ChessBase"]
[SourceDate "2007.11.14"]
[SourceVersion "1"]
[SourceVersionDate "2007.11.14"]
[SourceQuality "1"]
[WhiteTeam "Sarajevo Bosna"]
[BlackTeam "Keystone"]
[WhiteTeamCountry "BIH"]
[BlackTeamCountry "ENG"]

1. d4 Nf6 2. c4 e6 3. Nc3 Bb4 4. e3 O-O 5. Bd3 d5 6. a3 Bxc3+ 7. bxc3 dxc4 8.
Bxc4 c5 9. Ne2 Qc7 10. Ba2 e5 $6 {Black reveals his plans too early.} (10... b6
11. O-O Ba6 {is more popular.}) 11. O-O b6 12. Ng3 (12. d5 c4 13. Ng3 Nbd7 14.
Rb1 Ne8 15. Ne4 Ndf6 16. Nxf6+ Nxf6 17. Rb4 Ba6 18. Bb1 Rad8 19. e4 Nd7 20. Be3
Nc5 21. f4 f6 22. Bc2 Bb7 $13 {0-1 Tarasov,M-Barbitskij,A/St Petersburg 1998/
EXT 1999 (41)}) 12... Ba6 13. Re1 Nbd7 {This looks too passive.} (13... Nc6 {
, provoking d4-d5, was another option but Black had no time to establish a
safe blockade after that:} 14. d5 Rad8 15. e4 Ne7 16. Bg5 Qd6 (16... Ne8 17.
Nf5 Nxf5 18. Bxd8 Qxd8 19. exf5 $16) 17. h3 {[%cal Yd1d2,Yf2f4]}) (13... Rd8
14. d5 {doesn't change much.}) 14. e4 Rad8 (14... cxd4 15. cxd4 exd4 16. Bb2
$36 Rad8 17. Bxd4 Nc5 18. e5 {etc.} (18. Nf5 $5)) 15. Nf5 g6 $6 (15... cxd4 16.
cxd4 exd4 {looks more appropriate now but Black can't equalise anyway:} 17. Bb2
(17. Bg5 $5) 17... Nc5 (17... Ne5 18. Bxd4 Nc6 $2 19. Qc1 $1 {[%cal Rc1c6,
Rc1g5]}) 18. Bxd4 Bc8 $1 (18... Ne6 19. Rc1 Qb7 20. e5 Nxd4 21. Nxd4 Ne4 22. e6
fxe6 23. Qa4 Nc5 24. Nxe6 Nxe6 25. Rxe6 Kh8 26. f3 $16) 19. Qf3 Bxf5 20. Bxf6
gxf6 21. exf5 $14) 16. Ne7+ (16. Nh6+ $5 Kg7 17. Bg5 $36 {[%cal Yd1f3]}) 16...
Kg7 17. Bg5 Rde8 $6 (17... Bb7 $142) 18. Nd5 $1 Nxd5 19. Bxd5 {[%csl Gd5]} h6
20. Be3 Nf6 $6 (20... Bb7 $1 $14 {was the right way to fight against this
bishop.}) 21. dxe5 Qxe5 22. Qd2 Qh5 (22... g5 23. f4) (22... Rh8 23. Bf4 Qe7
24. c4 {[%cal Ye4e5]}) 23. c4 Kh7 (23... Nxd5 24. cxd5 Rxe4 $2 25. Bxh6+) 24.
Bf4 Nxd5 {The position with the opposite-coloured bishops is very poor for
Black as his king is unsafe and White's central pawns are very strong. But
what else could Black do?} 25. cxd5 g5 26. Bd6 Rg8 27. e5 Qg6 28. Re3 Rd8 29.
Be7 Rd7 30. d6 Re8 31. Rae1 Bc4 32. Qc3 Bd5 33. h3 {No need to hurry as Black
has no counterplay.} Qf5 34. Qd2 Qe6 35. h4 g4 36. Qd3+ Kg8 37. Bf6 Bc6 38. Qc2
c4 39. Rd1 b5 40. Rg3 {[%cal Yd1d4,Yd4f4,Yf4f5]} 1-0

[Event "October Revolution 60years"]
[Site "Leningrad"]
[Date "1977.07.07"]
[Round "10"]
[White "Vaganian, Rafael A"]
[Black "Balashov, Yuri S"]
[Result "1-0"]
[WhiteElo "2545"]
[BlackElo "2565"]
[Annotator "Moiseev,V"]
[PlyCount "61"]
[EventDate "1977.06.25"]
[EventType "tourn"]
[EventRounds "17"]
[EventCountry "URS"]
[EventCategory "13"]
[SourceTitle "MCL"]
[Source "ChessBase"]
[SourceDate "1999.07.01"]
[SourceVersion "1"]
[SourceVersionDate "1999.07.01"]
[SourceQuality "1"]

1. d4 Nf6 2. c4 e6 3. Nc3 Bb4 4. a3 Bxc3+ 5. bxc3 c5 6. e3 Nc6 7. Bd3 O-O 8.
Ne2 d5 9. cxd5 exd5 10. O-O Re8 (10... Ne7 11. Ng3 Bd7 12. f3 Qa5 13. Rb1 c4
14. Bc2 $16 Qxc3 $2 15. Rb4 $1 a5 16. Rb1 {Nogueiras,J-Garcia Martinez,S/
Havana/1:0/ (16)}) 11. f3 Qc7 (11... Nh5 12. g4 Nf6 13. Ng3 h6 14. Ra2 Qa5 15.
h4 $1 $16 {Cvitan,O-Prandstetter,E/Prague/1987/1:0 (37)}) (11... cxd4 12. cxd4
b6 13. Bd2 Bb7 14. Ng3 Rc8 15. Rb1 Rc7 16. Qa4 $14 {Petrosian,T-Cardoso,Ro/
Portoroz(izt)/1958/1:0/ (41)}) (11... b6 12. Ng3 Na5 13. Ra2 Bb7 14. Re2 Rc8
15. Kh1 cxd4 16. cxd4 $14 {Gurevich,M-Agzamov,G/URS(ch)/1985/1:0/ (33) Inf 39/
711/}) (11... Rb8 12. Rf2 Qc7 13. g4 b5 14. Ng3 Ne7 $14 {Hoeksema,H-Sosonko,G/
NED(ch)/1993/0,5 (14)}) 12. Ra2 (12. Rb1 $5 Bd7 13. Qc2 Rad8 14. g4 h6 15. Kh1
Bc8 16. Rg1 $16 {Reshevsky,S-Steiner,G/USA/1946/}) 12... Bd7 13. Ng3 Rac8 14.
Re2 Qb6 $6 (14... cxd4 $5 15. cxd4 Na5 $14) 15. Kh1 cxd4 $6 (15... Na5 $5) 16.
cxd4 Na5 17. Rb2 $16 Qd6 18. Rb4 $1 {/\ 19.e3-e4} Qc7 19. e4 dxe4 (19... Nc6
20. e5 $1 Nxb4 21. axb4 $18) 20. fxe4 Bg4 (20... Nc6 21. Rc4) 21. Qd2 Qc3 22.
e5 Nd5 (22... Nd7 $142 23. Ne4 Qxd2 24. Bxd2 $16) 23. Rb5 $1 $18 Nc4 24. Qxc3
Nxc3 25. Rxb7 Be6 26. Nf5 (26. Rxa7 $6 Nb5 27. Rb7 Nxd4 $14) 26... Kh8 27. Rxa7
Rcd8 (27... Nb5 28. Rb7 Nbxa3 29. Bxa3 Nxa3 30. Nd6 $18) 28. Bg5 Ra8 29. Rc7
Rec8 30. Rxc8+ Rxc8 31. Nd6 1-0

[Event "Chebanenco Memorial 1st"]
[Site "Kishinev"]
[Date "1998.02.14"]
[Round "6"]
[White "Aleksandrov, Aleksej"]
[Black "Itkis, Boris"]
[Result "1/2-1/2"]
[WhiteElo "2615"]
[BlackElo "2460"]
[Annotator "Psakhis,L"]
[PlyCount "82"]
[EventDate "1998.02.09"]
[EventType "tourn"]
[EventRounds "9"]
[EventCountry "MDA"]
[EventCategory "12"]
[SourceTitle "CBM 064"]
[Source "ChessBase"]
[SourceDate "1998.06.02"]
[SourceVersion "1"]
[SourceVersionDate "1998.06.02"]
[SourceQuality "1"]

1. d4 e6 2. c4 Nf6 3. Nc3 Bb4 4. e3 O-O 5. Bd3 d5 6. a3 Bxc3+ 7. bxc3 dxc4 8.
Bxc4 c5 9. Ne2 Qc7 10. Ba2 {I think, that} (10. Bd3 {could give more chances
for White for initiative, but any case Black has nothing to worry after, for
example} b6 11. O-O Ba6 12. Bxa6 Nxa6 13. a4 Rfd8 14. Qd3 Qb7 15. Ba3 Nc7 16.
a5 Qc6 $11 {0-1 De Souza,M-Sunye Neto,J/Sao Paulo op 1997 (32)}) 10... b6 {
[%cal Gc8a6,Gb8c6,Gc6a5]} 11. O-O Ba6 {[%cal Ga6f1]} 12. Re1 (12. f3 Nc6 13.
Rf2 Rfd8 14. Ng3 Rac8 15. Qe1 Rd7 16. Bb2 Na5 $11 {0-1 Hoffman,A-Smagin,S/
Amantea 1994 (40)}) (12. Bb2 Nc6 13. Rc1 Na5 14. c4 Rfd8 15. Qc2 cxd4 16. Nxd4
Rac8 17. Nf3 Qe7 $15 {0-1 Hoi-Ogaard/Gausdal zt 1987 (45)}) 12... Nc6 13. Ng3
Rfd8 14. Nh5 {N/ New move doesn,t produced any troubles for Black} (14. Bb2 Na5
(14... Rac8 15. e4 Qf4 16. h3 cxd4 17. cxd4 Ne5 18. Bb1 Rc7 19. Bc1 Qh4 20. Ra2
Nc4 $13 {1-0 Ibragimov,I-Voitsekhovsky,S/Kstovo op 1997 (54)}) 15. a4 (15. Bb1
Rac8 16. e4 Nc4 17. Bc1 cxd4 18. cxd4 e5 $1 19. d5 Ne8 20. Bd3 Ned6 21. Qe2 b5
$11 {0-1 Marin,M-Dokhoian,Y/Budapest 1988 (65)}) 15... Bc4 16. Bxc4 Nxc4 17.
Qe2 Na5 18. e4 Rac8 $11 {1/2-1/2 Georgiev,K-Hjartarson,J/Linares 1988 (40)})
14... Nxh5 15. Qxh5 Na5 $1 16. d5 $5 (16. Bb1 h6 17. Be4 Bb7 $15) 16... exd5 (
16... Bc4 $2 17. Bxc4 Nxc4 18. dxe6 fxe6 19. Qg4) (16... e5 $5 17. e4 Bc4 $11)
17. Bxd5 Bb7 18. c4 $1 (18. Bxb7 $6 Qxb7 $15 {[%csl Rb3,Rc1,Rc3]}) 18... b5 (
18... Bxd5 $5 19. cxd5 Nb3 20. Rb1 Nxc1 21. Rbxc1 c4 22. e4 b5 $132 {[%csl Gb5,
Gc4]}) 19. Bxb7 Qxb7 20. Rb1 (20. Qxc5 $2 Nb3) (20. cxb5 Qxb5 $15) 20... Nxc4
21. Qxc5 Rab8 22. a4 a6 $11 {To passive, Black could pretend even for slight
advantage after} (22... Rd5 $5 23. Qb4 a5 24. Qc3 Qc6 25. axb5 (25. e4 Rdd8 {
[%csl Ra5]}) 25... Rdxb5 {[%csl Ga5,Gc4]}) 23. axb5 axb5 24. h3 Rdc8 25. Qb4 h6
(25... Ne5 $5 {[%cal Ge5c6,Gb5b4]}) 26. e4 Qc7 27. Rb3 Re8 (27... Qc5 $5) 28.
Rd3 Qc6 29. Bf4 Rbd8 (29... Ra8 $5 {[%cal Ga8a4]}) 30. Rxd8 Rxd8 31. Bg3 Rd2
32. Kh2 Rd4 33. Qe7 Qd7 (33... Nd2 $5) 34. Qc5 Nd2 35. f3 b4 36. Be5 (36. Ra1
Rc4) 36... Nb3 $2 (36... Rc4 $5 37. Qf2 (37. Qd5 Qxd5 38. exd5 f6 $11) 37... f6
38. Bf4 Rd4 39. Qg3 Kh7 $13) 37. Qc2 $6 (37. Qb6 $1 Rc4 38. Bd6 Nd4 39. Bxb4
Nc2 40. Rc1 Rxb4 41. Qc5 $16) 37... Rd3 38. Qc4 (38. Qb2 f6 39. Bg3 Qd4) 38...
Na5 $1 39. Qxb4 Nc6 40. Qb2 Nxe5 41. Qxe5 Rxf3 $1 1/2-1/2

[Event "Dresden zt 1.2"]
[Site "Dresden"]
[Date "1998.04.30"]
[Round "3"]
[White "Alterman, Boris"]
[Black "Dizdar, Goran"]
[Result "1/2-1/2"]
[WhiteElo "2615"]
[BlackElo "2530"]
[Annotator "Psakhis,L"]
[PlyCount "96"]
[EventDate "1998.04.28"]
[EventType "swiss"]
[EventRounds "11"]
[EventCountry "GER"]
[SourceTitle "CBM 065"]
[Source "ChessBase"]
[SourceDate "1998.08.06"]
[SourceVersion "1"]
[SourceVersionDate "1998.08.06"]
[SourceQuality "1"]

1. d4 d5 2. c4 e6 3. Nc3 Bb4 {Favorite weapon of Dizdar} 4. e3 Nf6 5. a3 Bxc3+
6. bxc3 O-O 7. cxd5 exd5 8. Bd3 b6 9. Ne2 Ba6 10. Bxa6 (10. O-O Qc8 11. f3 Bxd3
12. Qxd3 Qa6 13. Qd2 (13. Qc2 Re8 14. Ng3 c5 15. e4 Qc4 16. e5 Nfd7 17. Nf5 Nc6
18. Qd2 cxd4 19. cxd4 g6 20. Nd6 Qxd4+ 21. Qxd4 Nxd4 22. Nxe8 Rxe8 23. f4 Nc5
$14 {1/2-1/2 Lautier,J-Polgar,J/Amber blind 1996 (61)}) 13... Nc6 14. Ng3 Na5
15. Rb1 Rfe8 16. Nf5 Nc4 17. Qd3 Qc8 18. e4 Qe6 19. e5 Nd7 20. f4 $14 {0-1
Benjamin,J-Blatny,P/New York (open) 1995 (35)}) 10... Nxa6 11. Qd3 Qc8 12. O-O
(12. c4 dxc4 13. Qxc4 c5 14. O-O cxd4 15. Qxc8 Raxc8 16. Nxd4 Rfd8 17. Bb2 Nc5
18. Nf5 $36 {1-0 Lilienthal,A-Aramanovic,I/Mocsow-ch 1945 (40)}) (12. f3 Re8
13. O-O c6 14. Ng3 Nc7 15. Bd2 Qa6 16. Qc2 Rad8 17. e4 $36 {1-0 Punteri,
M-Tukic,S/Nova Gorica op 1997 (27)}) 12... Nb8 {N} (12... c5 13. a4 Re8 14. Ba3
c4 15. Qc2 Nb8 16. Rae1 Nc6 17. Ng3 Ne4 18. f3 Nxg3 19. hxg3 Na5 $11 {0-1
Sanguinetti,R-Eliskases/Mar del Plata 1948 (33)}) 13. f3 {[%cal Ge3e4]
Alterman prepares pawns movement in the centre of the board- only one but good
plan for a White.} Qa6 14. Qc2 c5 15. Ng3 (15. e4 $6 cxd4 16. cxd4 Rc8) 15...
Nc6 16. Bb2 Rac8 17. Qf2 (17. Nf5 $6 cxd4 18. cxd4 $2 Nxd4) 17... cxd4 18. cxd4
Qd3 $1 {[%cal Gd3g6] Tipical and strong manoeuvre!} 19. Rad1 Qg6 20. e4 $1 Ne7
(20... Rfe8 21. Rfe1 $13 (21. e5 Nh5)) 21. a4 {[%cal Gb2a3]} (21. Rfe1 Rc4 $132
) 21... Rfe8 22. Ba3 {It is clear now, that Alterman got initiative, bad Black
has many resoures for successful defence.} Nh5 $5 23. Ne2 f5 24. Bxe7 (24. Qh4
Nc6 (24... Rc2 $5)) 24... Rxe7 25. Qh4 Rce8 (25... Ree8 $5 $11) 26. e5 $8 Rc7
27. Rf2 {[%cal Rg2g4]} (27. Rc1 $5 $14 Rec8 $140 $4 28. Rxc7 Rxc7 29. Qd8+ $18)
27... Qh6 28. Ng3 (28. g4 fxg4 29. fxg4 Nf4 30. Qxh6 Nxe2+ 31. Rxe2 gxh6 $11)
28... Rc1 (28... Nxg3 $5 29. Qxh6 gxh6 30. hxg3 Rc4 $13) 29. Rdf1 (29. Rxc1
Qxc1+ 30. Nf1 Nf4 $36 {[%cal Gf4e6,Gf4e2,Gf4d3]}) 29... Nxg3 30. Qxh6 (30. Qxg3
Rc4) 30... Rxf1+ 31. Rxf1 gxh6 32. hxg3 Rc8 $132 {[%csl Gc8,Gd4,Ge5][%cal
Gc8c4]} 33. Kf2 (33. a5 $6 b5 34. a6 Rc4) 33... Rc4 34. Ke3 Rxa4 35. Kf4 Rxd4+
36. Kxf5 {Good question-who is better now!} Rc4 37. Ke6 (37. Rd1 d4) 37... d4
38. Kd5 (38. Rd1 b5) 38... Rc2 39. Rd1 (39. e6 Kf8 (39... d3 40. Kd6)) 39...
Rc8 $1 40. e6 (40. Rxd4 Rd8+ 41. Ke4 Rxd4+ 42. Kxd4 a5 43. Kc4 a4 44. Kb4 b5
45. f4 Kf7 46. f5 h5 $11) 40... Kf8 41. f4 (41. Rxd4 Ke7 $1) 41... Ke7 42. f5
d3 (42... Rc5+ 43. Ke4 Kf6 44. g4) 43. Ke4 Rd8 44. Rd2 (44. Rxd3 Rxd3 45. Kxd3
a5 46. Kd4 a4 47. Ke5 a3 48. f6+ Ke8 $1 49. Kd6 (49. e7 Kd7 $1 $19) 49... a2
50. f7+ Kf8 51. Kd7 a1=Q 52. e7+ Kxf7 53. e8=Q+ Kg7 54. Qe7+ Kg6 55. Qe4+ $11)
44... Kf6 45. Rxd3 Rxd3 46. Kxd3 b5 47. Kd4 b4 48. g4 a5 1/2-1/2

[Event "RUS Cup final"]
[Site "Magnitogorsk"]
[Date "2011.11.16"]
[Round "2.5"]
[White "Khismatullin, Denis Rimovich"]
[Black "Smirnov, Pavel"]
[Result "1-0"]
[WhiteElo "2660"]
[BlackElo "2597"]
[Annotator "RR"]
[PlyCount "147"]
[EventDate "2011.11.13"]
[EventType "k.o."]
[EventRounds "4"]
[EventCountry "RUS"]
[SourceTitle "CBM 146"]
[Source "ChessBase"]
[SourceDate "2012.01.18"]
[SourceVersion "1"]
[SourceVersionDate "2012.01.18"]
[SourceQuality "1"]

1. d4 Nf6 2. c4 e6 3. Nc3 Bb4 4. e3 O-O 5. Bd3 d5 6. Nge2 dxc4 7. Bxc4 c5 8. a3
Bxc3+ 9. bxc3 Qc7 10. Ba2 b6 11. O-O Ba6 12. Re1 Nc6 13. Ng3 Rfd8 14. Bb2 Rac8
15. Qf3 Bb7 16. Qe2 e5 17. dxe5 Nxe5 18. c4 Qc6 19. e4 Nd3 20. Red1 Nxb2 21.
Qxb2 Nxe4 $2 (21... Qc7 22. f3 Nd7 $11) 22. Nf5 $18 Qf6 23. Qxf6 Nxf6 24. Ne7+
Kf8 25. Nxc8 Rxc8 26. f3 Bc6 27. Rd2 Ne8 28. Rad1 Ke7 29. Bb1 g6 30. Be4 Ba4
31. Re1 Kf8 32. Bb7 Rb8 33. Bd5 Nc7 34. Kf2 Rd8 35. Ree2 b5 $2 (35... Rd7 36.
h4 Kg7 $16) 36. Bxf7 $5 Rxd2 37. Rxd2 b4 38. Bd5 Nxd5 39. Rxd5 bxa3 40. Rd8+
Ke7 41. Ra8 Bb3 42. Rxa7+ Kd6 43. Rxa3 Bxc4 44. Ra7 h5 45. Ke3 Bf1 46. g3 Ke6
47. Kf4 Be2 48. h4 c4 49. Ra3 Bd1 50. Ke4 Be2 51. Kd4 Kf5 52. Ra5+ Kf6 53. Ke3
Bd3 54. Rc5 Bf1 55. Kf4 Bd3 56. Rc6+ Ke7 57. Ke5 Kd7 58. Rc5 Ke7 59. g4 hxg4
60. fxg4 Be2 61. g5 Kd7 62. Ra5 Bf3 63. Ra6 c3 64. Ra3 $2 (64. Ra7+ Kd8 65. Ra1
) 64... c2 $18 65. Rc3 Bd1 66. Kf6 Kd6 67. Kxg6 Kd5 68. h5 Kd4 69. Rc7 Be2 70.
Rxc2 Bd3+ 71. Kf6 Bxc2 72. g6 Kd5 73. h6 Kd6 74. h7 1-0

[Event "Olympiad-32"]
[Site "Yerevan"]
[Date "1996.09.28"]
[Round "12.4"]
[White "Wohl, Aleksandar H"]
[Black "Renet, Olivier"]
[Result "0-1"]
[WhiteElo "2400"]
[BlackElo "2505"]
[Annotator "Rogers,I"]
[PlyCount "74"]
[EventDate "1996.09.15"]
[EventType "team-swiss"]
[EventRounds "14"]
[EventCountry "ARM"]
[SourceTitle "CBM 055"]
[Source "ChessBase"]
[SourceDate "1996.12.01"]
[SourceVersion "1"]
[SourceVersionDate "1996.12.01"]
[SourceQuality "1"]
[WhiteTeam "Australia"]
[BlackTeam "France"]
[WhiteTeamCountry "AUS"]
[BlackTeamCountry "FRA"]

1. d4 Nf6 2. c4 e6 3. Nc3 Bb4 4. e3 O-O 5. Bd3 d5 6. a3 Bxc3+ 7. bxc3 dxc4 8.
Bxc4 c5 9. Ne2 Qc7 10. Ba2 $5 {An old line} (10. Bd3 {is more usual nowadays.})
10... b6 11. f3 $6 {This can wait.} (11. O-O {is better.}) 11... Nc6 12. O-O
Ba6 13. Re1 Rfd8 14. Qa4 Bd3 $5 15. Nf4 $6 (15. Qd1 {would force Renet to
retreat the bishop, probably to a6 and come up with a new plan, since} c4 $6
16. Nf4 {is good for White.}) 15... b5 $1 16. Qd1 Bc4 $1 17. Bxc4 bxc4 18. Qa4
e5 $1 19. Ne2 ({On} 19. dxe5 Nxe5 {is strong.}) 19... cxd4 20. exd4 exd4 21.
Bf4 Qc8 22. cxd4 $2 (22. Qxc4 {was necessary, although Black keeps an edge
after} d3 23. Ng3 Na5 $1) 22... Nxd4 23. Nxd4 Rxd4 24. Be5 Rd5 $1 {Wohl had
underestimated this move which neutralises any problems Black might have with
his shattered kingside pawns. With time trouble to add to his pawn deficit,
Wohl has no serious chances to save the game.} 25. Bxf6 gxf6 26. Rac1 Qc5+ 27.
Kh1 Rc8 28. h3 Kg7 29. Re2 Rd4 30. Qa6 Rcd8 31. Ree1 R8d5 32. Qb7 Re5 33. Rxe5
fxe5 34. Qb8 c3 35. Kh2 Rd2 36. Re1 c2 37. Rxe5 c1=Q 0-1

[Event "Redbus KO"]
[Site "Southend"]
[Date "2000.04.21"]
[Round "4.5"]
[White "Lalic, Bogdan"]
[Black "Adams, Michael"]
[Result "0-1"]
[WhiteElo "2548"]
[BlackElo "2715"]
[Annotator "Rowson,J"]
[PlyCount "62"]
[EventDate "2000.04.21"]
[EventType "k.o."]
[EventRounds "4"]
[EventCountry "ENG"]
[SourceTitle "CBM 076"]
[Source "ChessBase"]
[SourceDate "2000.05.31"]
[SourceVersion "1"]
[SourceVersionDate "2000.05.31"]
[SourceQuality "1"]

{[%mdl 2] 5'-Blitz} 1. d4 Nf6 2. c4 e6 3. Nc3 Bb4 4. e3 c5 5. Bd3 O-O 6. Nf3 d5
7. a3 $6 Bxc3+ 8. bxc3 dxc4 9. Bxc4 Qa5 $1 10. Bb2 cxd4 11. exd4 b6 12. a4 Ba6
13. Bxa6 Qxa6 14. Qe2 Rc8 15. Qxa6 Nxa6 16. Ke2 Nb8 17. Rhc1 Nc6 18. c4 Rc7 19.
c5 Nd5 20. cxb6 axb6 21. Ne5 Rac8 22. Nxc6 Rxc6 23. Rxc6 Rxc6 24. Kd2 Kf8 25.
a5 bxa5 26. Rxa5 g5 27. Ba3+ Kg7 28. Bc5 Rc8 29. g3 Rb8 30. Ra2 Kg6 $15 31. Ke2
$4 {An unglamourous way to end such a high quality event. Nonetheless it is
quite fitting given the extremely demanding playing schedule which made many
players play below par at certain moments.} Nc3+ 0-1